000
00316nam a2200133Ia 4500
008
180730s9999||||xx |||||||||||||| ||und||
020
_a
8176566721
082
_a
004
_b
SAT/P
100
_a
Satish Jain
245
0
_a
Page Maker 7 (Training Guide)
260
_a
New Delhi
_b
BPB Pub.
_c
2003
300
_a
252p
942
_a
BK
999
_c
2058
_d
2058